Budaya organisasi dan perkongsian pengetahuan : Faktor kejayaan kritikal

Bibliographic Details
Main Author: Norlinda binti Daim
Format: Book
Language:Malay
Published: 2008
Subjects:

MARC

LEADER 00000cam a2200000 7i4500
001 0000026502
005 20150922.0
008 1509018 my may
040 |a INS 
090 0 0 |a Thesis 26 
100 1 |a Norlinda binti Daim 
245 1 0 |a Budaya organisasi dan perkongsian pengetahuan : Faktor kejayaan kritikal   |c Norlinda binti Daim 
260 |c 2008 
300 |a xii, 181ms. ;   |c 31 cm. 
500 |a Tesis ini disediakan sebagai memenuhi syarat keperluan Ijazah Sarjana Sains ( Pengurusan ), Universiti Utara Malaysia 
650 0 |a Organizational behavior \z Malaysia 
999 |a THE0000031   |b BOOK   |c Thesis   |e Default branch